| 000 | 00348nam a2200145Ia 4500 | ||
|---|---|---|---|
| 008 | 230917s9999||||xx |||||||||||||| ||und|| | ||
| 040 |
_e138723 _aMAIN |
||
| 041 | _aEnglish | ||
| 082 | _a005.1 G54O | ||
| 100 | _aGodbole, A.S. | ||
| 245 | 0 | _aOperating systems | |
| 260 |
_aNew Delhi _bTata McGraw-Hill _c1999 |
||
| 300 | _a722p. p. | ||
| 942 | _cBK | ||
| 999 |
_c103879 _d103879 |
||